Las culturas hallstátticas en Cataluña / J. Maluquer de Motes
Descripción Física:
p. 115- 184 : XV làm. amb fot. ; 26 cm
Materias:
Arqueologia -- Catalunya
MARC
| LEADER | 00000nam a2200000Ia 4500 | ||
|---|---|---|---|
| 001 | 17323 | ||
| 008 | 160829s1946 xx 000 0 cat d | ||
| 080 | |a H-2-321 | ||
| 100 | 1 | |a Maluquer de Motes, Joan, |d 1915-1988 |9 30020 | |
| 245 | |a Las culturas hallstátticas en Cataluña / J. Maluquer de Motes | ||
| 260 | |a Barcelona : |b Casa Provincial de Caridad, |c 1946 | ||
| 300 | |a p. 115- 184 : |b XV làm. amb fot. ; |c 26 cm | ||
| 590 | |a Separata de Ampurias, VII-VIII. | ||
| 590 | |a Prové de R.168 del currículum per la plaça de conservador del Museu Arqueològic, 1957 | ||
| 650 | 0 | |a Arqueologia |z Catalunya |9 34340 | |
| 901 | |a Arxiu | ||
| 942 | |n 1 | ||
| 952 | |0 0 |1 0 |4 0 |6 H2321 |7 1 |9 53339 |a Arxiu |b Arxiu |d 2016-12-01 |l 0 |o H-2-321 |p 17323 |r 2016-12-01 00:00:00 |w 2016-12-01 |y ARXIU | ||
| 999 | |c 57204 |d 57204 | ||